[Event "37. Activity-Cup"]
[Site "Tennispoint Vienna, 1030 Wien,"]
[Date "2025.04.16"]
[Round "6.5"]
[White "Wang, Yufan"]
[Black "Gottfried, Maximilian"]
[Result "1-0"]
[WhiteElo "1529"]
[BlackElo "1328"]
[Annotator "Fesselung"]
[PlyCount "75"]
[EventDate "2025.04.14"]

1. Nf3 d5 2. d4 c6 3. c4 Bf5 4. Nc3 e6 5. e3 Nf6 6. Be2 Bb4 7. O-O Nbd7 8. Qb3
Bxc3 9. bxc3 Qc7 10. h3 O-O 11. Ba3 Rfe8 12. Rfe1 Ne4 13. Rad1 a5 14. Bd3 a4
15. Qc2 Ndf6 16. Ne5 g6 17. f3 Nd6 18. g4 Bxd3 19. Qxd3 Nd7 20. Nxd7 Qxd7 21.
c5 Nb5 22. Bb4 Qc7 23. f4 h6 24. Kg2 Qe7 25. Rh1 Kg7 26. Rdf1 Rh8 27. e4 Qh4
28. exd5 exd5 29. Qe3 Rae8 30. Qd3 Re4 31. c4 Nxd4 32. Bc3 Re2+ 33. Kg1 Rhe8
34. Bxd4+ Kh7 35. Bf2 R8e3 36. Qxe3 Qxf2+ 37. Qxf2 Rxf2 38. Rxf2 1-0

[Event "37. Activity-Cup"]
[Site "Tennispoint Vienna, 1030 Wien,"]
[Date "2025.04.16"]
[Round "6.6"]
[White "Geabou-Silveira, Erik-Raphael"]
[Black "Fischer, Niko Benedikt"]
[Result "1-0"]
[WhiteElo "1360"]
[BlackElo "1384"]
[Annotator "Königsangriff"]
[PlyCount "81"]
[EventDate "2025.04.14"]

1. e4 e5 2. Nc3 Nc6 3. d3 Nf6 4. Bg5 h6 5. Bh4 g5 6. Bg3 h5 7. h4 g4 8. Qd2 Bh6
9. Qd1 d6 10. Nge2 Be6 11. f4 gxf3 12. gxf3 Qd7 13. f4 O-O-O 14. f5 Bxf5 15.
exf5 Qxf5 16. Ne4 Qg6 17. Bg2 d5 18. Nd2 e4 19. Rh3 Bxd2+ 20. Qxd2 exd3 21.
cxd3 Rde8 22. O-O-O Qg4 23. Nf4 Qg7 24. Nxd5 Nxd5 25. Bxd5 Nd4 26. Qh2 Ne2+ 27.
Kb1 Nxg3 28. Qxg3 Rhg8 29. Qf3 Rgf8 30. Bxb7+ Kb8 31. Ba8 Kc8 32. Rc1 Re7 33.
Qb7+ Kd8 34. Qb8+ Kd7 35. Qxc7+ Ke6 36. Re3+ Kf6 37. Qxe7+ Kg6 38. Rg1+ Kh7 39.
Rxg7+ Kxg7 40. Rg3+ Kh7 41. Be4+ 1-0

[Event "37. Activity-Cup"]
[Site "Tennispoint Vienna, 1030 Wien,"]
[Date "2025.04.16"]
[Round "6.7"]
[White "Schlossnikl, Caroline"]
[Black "Sammer, Alisa"]
[Result "1-0"]
[WhiteElo "1375"]
[BlackElo "1300"]
[PlyCount "45"]
[EventDate "2025.04.14"]

1. e4 c5 2. Nf3 Nc6 3. d4 cxd4 4. Nxd4 Nf6 5. Nc3 e5 6. Ndb5 d6 7. Bg5 a6 8.
Na3 Be7 9. Bxf6 Bxf6 10. Nd5 Bg5 11. c3 Be6 12. Nc2 a5 13. Bb5 O-O 14. O-O Bxd5
15. Qxd5 Qc7 16. Rad1 Rad8 17. Rfe1 Rfe8 18. Ne3 Bxe3 19. Rxe3 Re6 20. h3 h6
21. Red3 Ne7 22. Qc4 Ng6 23. Qxc7 1-0

[Event "37. Activity-Cup"]
[Site "Tennispoint Vienna, 1030 Wien,"]
[Date "2025.04.16"]
[Round "6.9"]
[White "Brenner, Richard"]
[Black "Boldog, Konstantin"]
[Result "1-0"]
[WhiteElo "1336"]
[BlackElo "1230"]
[PlyCount "131"]
[EventDate "2025.04.14"]

1. e4 e5 2. Nf3 Nc6 3. Bc4 Nf6 4. Ng5 d5 5. exd5 Nxd5 6. Nxf7 Kxf7 7. Qf3+ Ke6
8. Nc3 Ncb4 9. O-O c6 10. a3 Nxc2 11. Rb1 Ke7 12. Nxd5+ cxd5 13. Bxd5 Be6 14.
Bxe6 Kxe6 15. Qb3+ Qd5 16. Qxc2 Be7 17. d3 Rac8 18. Qe2 Kf7 19. Qf3+ Qxf3 20.
gxf3 Rhf8 21. Be3 Bc5 22. Bxc5 Rxc5 23. Rbc1 Rxc1 24. Rxc1 Kg8 25. Kg2 Rf6 26.
Rc8+ Kf7 27. Rc7+ Kg8 28. Rxb7 Rg6+ 29. Kf1 a6 30. Rb4 Rf6 31. Kg2 Rg6+ 32. Rg4
Rd6 33. Ra4 Rg6+ 34. Kf1 Rf6 35. Ke2 Re6 36. Ke3 Kf7 37. f4 Kf6 38. fxe5+ Rxe5+
39. Re4 Rb5 40. Rf4+ Kg6 41. Rb4 Re5+ 42. Kd4 Rf5 43. Rb6+ Rf6 44. Rxf6+ Kxf6
45. Ke4 g5 46. d4 Ke6 47. h3 h5 48. f3 a5 49. b3 g4 50. fxg4 h4 51. g5 Kf7 52.
Ke5 Kg6 53. d5 Kf7 54. d6 Ke8 55. g6 a4 56. b4 Kf8 57. d7 Ke7 58. g7 Kxd7 59.
g8=Q Kc6 60. Qd5+ Kb6 61. Qc5+ Ka6 62. Kd6 Kb7 63. Qc6+ Ka7 64. Qb5 Ka8 65. Kc7
Ka7 66. Qa5# 1-0

[Event "37. Activity-Cup"]
[Site "Tennispoint Vienna, 1030 Wien,"]
[Date "2025.04.16"]
[Round "6.10"]
[White "Neuhold, Maximilian"]
[Black "Dakhane, Aura"]
[Result "1-0"]
[WhiteElo "1200"]
[BlackElo "1222"]
[PlyCount "119"]
[EventDate "2025.04.14"]

1. e4 d6 2. Nf3 Nf6 3. Nc3 g6 4. b3 Bg7 5. Bb2 c6 6. g3 O-O 7. Bg2 Nbd7 8. d3
e5 9. O-O d5 10. Re1 dxe4 11. dxe4 Nc5 12. Qxd8 Rxd8 13. Ba3 Ne6 14. Rad1 Rxd1
15. Rxd1 h6 16. Bb2 Ng5 17. Nxe5 Bh3 18. Bxh3 Nxh3+ 19. Kg2 Ng5 20. f3 Nfh7 21.
Ng4 h5 22. Nf2 Bxc3 23. Bxc3 f5 24. exf5 gxf5 25. Rd7 Ne6 26. Rxb7 f4 27. Re7
Nhg5 28. Ne4 Nxe4 29. fxe4 Nc5 30. gxf4 Kf8 31. Re5 Nd7 32. Rxh5 Kf7 33. f5 Nf6
34. Bxf6 Kxf6 35. Kf3 Rd8 36. Ke3 Ke5 37. Rh6 Rd6 38. Rxd6 Kxd6 39. h4 Ke7 40.
h5 Kf6 41. h6 Kf7 42. Kd4 a5 43. h7 Kg7 44. Kc5 Kxh7 45. Kxc6 Kg7 46. Kd7 Kf7
47. e5 Kf8 48. e6 Kg7 49. e7 Kf7 50. e8=Q+ Kf6 51. Qe6+ Kg5 52. Kd6 Kf4 53.
Qe5+ Kf3 54. Kd5 Kg2 55. Qf4 a4 56. Ke4 a3 57. Ke3 Kh3 58. Qg5 Kh2 59. Kf3 Kh1
60. Qg2# 1-0

[Event "37. Activity-Cup"]
[Site "Tennispoint Vienna, 1030 Wien,"]
[Date "2025.04.16"]
[Round "6.12"]
[White "Sponer, Moritz"]
[Black "Kofler, Anton"]
[Result "1-0"]
[WhiteElo "1200"]
[BlackElo "1200"]
[PlyCount "61"]
[EventDate "2025.04.14"]

1. e4 e5 2. Nf3 Nc6 3. Bc4 Bc5 4. Nc3 Nf6 5. d3 O-O 6. Be3 Bxe3 7. fxe3 d6 8.
d4 exd4 9. exd4 Bg4 10. h3 Bh5 11. g4 Bg6 12. d5 Ne7 13. Qe2 a6 14. O-O-O b5
15. e5 dxe5 16. Nxe5 bxc4 17. Nxg6 fxg6 18. Qe6+ Kh8 19. h4 Re8 20. h5 Nxh5 21.
gxh5 Nf5 22. Qf7 Qg5+ 23. Rd2 Ng3 24. Rg1 Ne2+ 25. Nxe2 Rxe2 26. Rxg5 Re1+ 27.
Rd1 Rae8 28. Rxe1 Rxe1+ 29. Kd2 h6 30. Rxg6 Rh1 31. Qxg7# 1-0

[Event "37. Activity-Cup"]
[Site "Tennispoint Vienna, 1030 Wien,"]
[Date "2025.04.17"]
[Round "7.1"]
[White "Tschandl, Julius Henry"]
[Black "Knittel-Templ, Richard"]
[Result "0-1"]
[WhiteElo "1474"]
[BlackElo "1659"]
[PlyCount "66"]
[EventDate "2025.04.14"]

1. e4 e5 2. Nf3 Nc6 3. Bb5 a6 4. Ba4 d6 5. O-O Bg4 6. h3 Bh5 7. c3 Nf6 8. Re1
Be7 9. d4 exd4 10. cxd4 O-O 11. Nc3 Bxf3 12. gxf3 b5 13. Bb3 Na5 14. Kh2 Nxb3
15. Qxb3 c5 16. d5 c4 17. Qc2 Nd7 18. Bf4 Nc5 19. Rg1 Bf6 20. b3 cxb3 21. axb3
b4 22. Na4 Bxa1 23. Rxa1 Qf6 24. Qc1 Nxb3 25. Bg5 Qe5+ 26. Bf4 Qxa1 27. Qxa1
Nxa1 28. Bxd6 Rfd8 29. Bxb4 a5 30. Nb6 axb4 31. Nxa8 Rxa8 32. d6 b3 33. e5 b2
0-1

[Event "37. Activity-Cup"]
[Site "Tennispoint Vienna, 1030 Wien,"]
[Date "2025.04.17"]
[Round "7.2"]
[White "Hegedüs, Hugo"]
[Black "Penker, Dominic"]
[Result "1-0"]
[WhiteElo "1338"]
[BlackElo "1610"]
[Annotator "Verteidigung Doppelangriff"]
[PlyCount "65"]
[EventDate "2025.04.14"]

1. e4 e6 2. d4 b6 3. Nc3 Bb7 4. a3 c5 5. Nf3 Nf6 6. Bg5 h6 7. Bh4 g5 8. Bg3
Nxe4 9. Nxe4 Bxe4 10. dxc5 Bxc5 11. b4 Be7 12. Qd4 Rg8 13. Qxe4 Nc6 14. Bb5 f5
15. Qc4 Rc8 16. Ba6 f4 17. Bxf4 gxf4 18. Bxc8 Qxc8 19. Qxf4 Bg5 20. Nxg5 Rxg5
21. O-O Ne7 22. c4 Qc6 23. f3 Ng6 24. Qe4 Qd6 25. Rad1 Qc7 26. h4 Rf5 27. Rf2
Ne5 28. Re1 Kf7 29. g4 Nxg4 30. fxg4 Rxf2 31. Kxf2 Qh2+ 32. Ke3 Qg3+ 33. Qf3+
1-0

[Event "37. Activity-Cup"]
[Site "Tennispoint Vienna, 1030 Wien,"]
[Date "2025.04.17"]
[Round "7.3"]
[White "Schlossnikl, Caroline"]
[Black "Wang, Yufan"]
[Result "1/2-1/2"]
[WhiteElo "1375"]
[BlackElo "1529"]
[Annotator "Zutrittsopfer"]
[PlyCount "83"]
[EventDate "2025.04.14"]

1. e4 c6 2. d4 d5 3. exd5 cxd5 4. Bd3 Nc6 5. c3 Nf6 6. Bf4 e6 7. Nf3 Be7 8. O-O
O-O 9. Nbd2 Re8 10. Re1 a6 11. a4 Qb6 12. Qc2 h6 13. Ne5 Nd7 14. Bh7+ Kf8 15.
Nxc6 bxc6 16. Nf3 Nf6 17. Ne5 Bd8 18. Re3 Ke7 19. Bg6 Bc7 20. Bf5 Bxe5 21. Bxe5
Kd7 22. Bd3 Ng4 23. Ree1 Nxe5 24. Rxe5 Rb8 25. b4 Kc7 26. Qd2 f6 27. Re2 Kd6
28. Qf4+ e5 29. dxe5+ fxe5 30. Qf7 Re7 31. Qg6+ Be6 32. Rae1 e4 33. Bc2 Rf8 34.
Rd2 Kc7 35. Qg3+ Kc8 36. Qd6 Qc7 37. Qxc7+ Kxc7 38. Kf1 Bd7 39. Re3 Kb6 40. a5+
Kb7 41. Ke1 Ref7 42. h3 1/2-1/2

[Event "37. Activity-Cup"]
[Site "Tennispoint Vienna, 1030 Wien,"]
[Date "2025.04.17"]
[Round "7.4"]
[White "Hegedüs-Möderndorfer, Theodor"]
[Black "Knittel-Templ, Arnold"]
[Result "1-0"]
[WhiteElo "1291"]
[BlackElo "1451"]
[Annotator "Endspiel Springer gegen Läufer"]
[PlyCount "147"]
[EventDate "2025.04.14"]

1. e4 c5 2. Nf3 Nc6 3. Bb5 e6 4. d3 a6 5. Ba4 d5 6. exd5 exd5 7. O-O Nf6 8. c4
d4 9. Bg5 Be7 10. Re1 O-O 11. Nbd2 Nb4 12. Nb3 Bd7 13. Bxf6 gxf6 14. Bxd7 Qxd7
15. Qd2 Rfe8 16. Re4 f5 17. Re2 b6 18. Qf4 Bf6 19. Rxe8+ Rxe8 20. Qd2 Nc6 21.
Re1 Rxe1+ 22. Qxe1 Qe6 23. Qd2 Ne5 24. Nxe5 Qxe5 25. Nc1 h6 26. g3 Kh7 27. Ne2
a5 28. b3 h5 29. h4 Bg7 30. Kf1 Bh6 31. Qd1 Kg6 32. Ng1 f4 33. g4 hxg4 34.
Qxg4+ Kh7 35. Nf3 Qg7 36. Qxg7+ Bxg7 37. Kg2 Kg6 38. Ng5 Bf6 39. Nf3 Kh6 40.
Kh2 Be7 41. a3 f6 42. Kh3 Kh5 43. Kh2 Kg4 44. Kg2 f5 45. Ne5+ Kh5 46. Kf3 Bxh4
47. Kxf4 Bxf2 48. Kxf5 Kh4 49. Nd7 Kg3 50. Ke4 Be3 51. Nxb6 Bc1 52. a4 Bf4 53.
Kd5 Kf3 54. Kxc5 Ke2 55. Kxd4 Be3+ 56. Kd5 Bxb6 57. d4 Kd3 58. c5 Bd8 59. c6
Bc7 60. Kc5 Kc3 61. d5 Be5 62. d6 Kxb3 63. c7 Kxa4 64. c8=Q Bc3 65. Qg4+ Bb4+
66. Qxb4+ axb4 67. d7 b3 68. d8=Q Ka3 69. Qa8+ Kb2 70. Kc4 Kc2 71. Qg2+ Kd1 72.
Kxb3 Ke1 73. Kc3 Kd1 74. Qd2# 1-0

[Event "37. Activity-Cup"]
[Site "Tennispoint Vienna, 1030 Wien,"]
[Date "2025.04.17"]
[Round "7.6"]
[White "Mitu, Robert"]
[Black "Brenner, Richard"]
[Result "1-0"]
[WhiteElo "1468"]
[BlackElo "1336"]
[Annotator "Räumungsopfer"]
[PlyCount "61"]
[EventDate "2025.04.14"]

1. e4 e6 2. d4 d5 3. exd5 exd5 4. g3 Nf6 5. Bg2 Bd6 6. Ne2 O-O 7. O-O Bg4 8.
Nbc3 c6 9. Bg5 Nbd7 10. Qd3 h6 11. Bd2 Qc7 12. a4 Rfe8 13. Rfe1 Rad8 14. Na2 a5
15. b4 b6 16. bxa5 bxa5 17. Nf4 Nf8 18. Rxe8 Rxe8 19. Qa6 Qb8 20. Qxa5 Qb2 21.
Qc3 Rb8 22. Bc1 Qxc3 23. Nxc3 Bf5 24. a5 Bxc2 25. a6 Ra8 26. a7 Bc7 27. Ncxd5
cxd5 28. Nxd5 Bb8 29. Nxf6+ gxf6 30. Bxa8 Bc7 31. Bd5 1-0

[Event "37. Activity-Cup"]
[Site "Tennispoint Vienna, 1030 Wien,"]
[Date "2025.04.17"]
[Round "7.8"]
[White "Gottfried, Maximilian"]
[Black "Sponer, Moritz"]
[Result "1-0"]
[WhiteElo "1328"]
[BlackElo "1200"]
[PlyCount "77"]
[EventDate "2025.04.14"]

1. e4 e5 2. Nf3 Nc6 3. Bc4 Bc5 4. Nc3 Nf6 5. d3 d6 6. Bg5 Be6 7. Nd5 Bxd5 8.
Bxd5 h6 9. Bxc6+ bxc6 10. Bh4 d5 11. Nxe5 O-O 12. Nxc6 Qd6 13. e5 Ng4 14. Ne7+
Qxe7 15. Bxe7 Bxe7 16. Qxg4 Rfe8 17. O-O-O Rab8 18. e6 fxe6 19. Qxe6+ Kh8 20.
Qxd5 Bf6 21. d4 Red8 22. Qe4 Re8 23. Qg6 Bg5+ 24. Kb1 Rf8 25. f3 Rfd8 26. Rhe1
Rd6 27. Qd3 Rdb6 28. b3 Bh4 29. g3 Bf6 30. Re2 Rg8 31. Rde1 Rbb8 32. a4 g5 33.
Re6 Rb6 34. Qf5 Rxe6 35. Rxe6 Bxd4 36. Rxh6+ Kg7 37. Qxg5+ Kf7 38. Rh7+ Kf8 39.
Qd8# 1-0

[Event "37. Activity-Cup"]
[Site "Tennispoint Vienna, 1030 Wien,"]
[Date "2025.04.17"]
[Round "7.9"]
[White "Sammer, Alisa"]
[Black "Neuhold, Maximilian"]
[Result "0-1"]
[WhiteElo "1300"]
[BlackElo "1200"]
[PlyCount "82"]
[EventDate "2025.04.14"]

1. e4 e5 2. Nf3 Nc6 3. Bc4 Bc5 4. Nc3 Nf6 5. d3 d6 6. O-O O-O 7. h3 Bd7 8. Be3
Bd4 9. Bxd4 exd4 10. Nd5 Be6 11. Nxf6+ Qxf6 12. Bxe6 Qxe6 13. Ng5 Qf6 14. Qh5
h6 15. Nf3 Rac8 16. Qb5 Rb8 17. Rfe1 Rfe8 18. Re2 a6 19. Qd5 Re7 20. Rae1 Rbe8
21. c3 dxc3 22. bxc3 Qxc3 23. d4 Qa5 24. Qxa5 Nxa5 25. e5 f6 26. exd6 Rxe2 27.
Rxe2 Rxe2 28. d7 Nc6 29. d5 Nd8 30. Nd4 Re7 31. Nf5 Rxd7 32. Kh2 Kf7 33. Kg3
Rxd5 34. Ne3 Rd3 35. Kh2 Rd2 36. f3 Rxa2 37. Nc4 b5 38. Ne3 b4 39. Nd1 c5 40.
Kg3 c4 41. Ne3 c3 0-1